00311nam a2200133Ia 4500003000400000005001700004008004000021040000700061041000800068082001200076100002100088245002600109260004200135OSt20230524141511.0210210b1938 xxu||||| |||| 00| 0 eng d cAL aeng a335/110 aFOULKERS (G F F) aLocal autonomy Vol II aMadrasbG A Natesan and Companyc1938